| 000 | 00752nam a2200265Ia 4500 | ||
|---|---|---|---|
| 003 | OSt | ||
| 005 | 20220926011114.0 | ||
| 006 | a|||||r|||| 00| 0 | ||
| 007 | ta | ||
| 008 | 220923b |||||||| |||| 00| 0 eng d | ||
| 020 | _a0131609521 | ||
| 037 | _cGeneral Book | ||
| 040 |
_aRTL _cRTL _beng |
||
| 041 |
_2eng _aeng |
||
| 082 | _aX:741-8F.73.N7, M1 | ||
| 100 |
_aRatcliffe Thomas A _9313568 |
||
| 245 | 0 | _aComplete handbook of inflation accounting | |
| 260 |
_aNew Jersey _bPrentice Hill _c1981 |
||
| 300 |
_a260p. _ccm. |
||
| 650 | _a Economics | ||
| 650 | _aInflation | ||
| 700 |
_a Munter Paul _9313569 |
||
| 942 |
_hX:741-8F.73.N7, M1 _cGB _2CC |
||
| 999 |
_c619126 _d619126 |
||